| 000 | 00561nam a2200193 a 4500 | ||
|---|---|---|---|
| 005 | 20260324064021.0 | ||
| 008 | 030627s1971 mx r 000 0 spa d | ||
| 035 | _aUPN01000126933 | ||
| 049 | _aSEP | ||
| 050 | 4 |
_aL227 A4 _bB7.7 1971 |
|
| 100 | 1 |
_aBravo Ahuja Ruiz, Víctor E., _d1947- _938167 |
|
| 245 | 1 | 0 |
_aReforma educativa / _bVíctor Bravo Ahuja. |
| 260 |
_aMéxico : _bIPN, _c1971. |
||
| 300 |
_a16 p. : _bretrs. |
||
| 500 | _aDatos tomados de la cubierta | ||
| 650 | 4 |
_aEducación _zMéxico _95405 |
|
| 650 | 4 |
_aReforma educativa _91530 |
|
| 905 | _aLibro | ||
| 999 |
_c99112 _d99112 |
||